000 00454nam a2200169Ia 4500
008 090711s9999 xx 000 0 und d
082 _b61527
100 _aकापसे राम
245 _aलेटिन आयोग
260 _c1988
300 _a76
600 _aकापसे राम
630 _aलेटिन आयोग
700 _aकापसे राम
730 _aलेटिन आयोग
942 _cBOOK
999 _c294357
_d294357